|
|
|
|
| LEADER |
01599nam a2200277 a 4500 |
| 001 |
GR-Patra29817 |
| 008 |
100223s2009 gr gz 000 0 gre d |
| 040 |
|
|
|a GrPaTEI
|b gre
|c GR-PaULI
|
| 040 |
|
|
|a GrPaTEI
|b gre
|c GR-PaULI
|
| 100 |
1 |
|
|a Βαρθαλίτης, Πέτρος
|
| 245 |
1 |
0 |
|a Εργαλεία διαχείρισης περιεχομένου και εφαρμογή αυτών στη σχεδίαση και υλοποίηση του ενδοδικτύου μιας τεχνικής εταιρείας εφαρμογών αλουμινίου /
|c Σπουδαστής: Βαρθαλίτης Πέτρος ; Εισηγητής: Κωνσταντίνος Στάμος.
|
| 260 |
|
|
|a Πάτρα :
|b ΤΕΙ Πάτρας,
|c 2009
|
| 300 |
|
|
|a 115 σ. :
|b εικ. εγχ., πιν., σχεδ.
|
| 504 |
|
|
|a Βιβλιογραφία: σ. 105
|
| 650 |
|
4 |
|a ΒΑΣΕΙΣ ΔΕΔΟΜΕΝΩΝ
|
| 650 |
|
4 |
|a Διαδίκτυο
|
| 650 |
|
4 |
|a Ιστοσελίδα
|x Κατασκευή
|
| 650 |
|
4 |
|a Πτυχιακή εργασία
|y 2009
|
| 700 |
1 |
|
|a Στάμος, Κωνσταντίνος
|
| 710 |
0 |
|
|a Σ.Δ.Ο..
|b Τμήμα Επιχειρηματικού Σχεδιασμού και Πληροφοριακών συστημάτων
|
| 710 |
0 |
|
|a ΤΕΙ Πάτρας
|
| 856 |
4 |
0 |
|u https://nereus.library.upatras.gr/formerpat/ptyxiakes/sdo/sdo_esps/2006-2010/7874pe.pdf
|
| 942 |
|
|
|2 ddc
|
| 952 |
|
|
|0 0
|1 0
|2 ddc
|4 0
|7 1
|9 311827
|a LISK
|b LISK
|c BSC
|d 2021-01-17
|e 24
|f 0
|g 0.00
|l 0
|p 9241007874
|r 2021-01-17 00:00:00
|t 1
|w 2021-01-17
|y BKN
|x 20100223 0 0
|x GrPaTEI
|
| 971 |
|
|
|a .b26773892
|b 16-04-20
|c 26-09-16
|
| 999 |
|
|
|c 179011
|d 179011
|